000
00245nam a22001217a 4500
082
_a
080
_b
MAR/J
100
_a
MARKHAM , HOLLY
245
_a
JUST A WORD
260
_b
TOUCH OF CRAFT LTD
300
_a
98
650
_a
WORDS & WISHES
942
_c
BK
999
_c
6771
_d
6771